| 000 | 00336nam a22001457a 4500 | ||
|---|---|---|---|
| 003 | SGT | ||
| 020 | _a9781607951926 | ||
| 082 |
_a617.6342 _bI19R |
||
| 100 | _aRotstein, Ilan | ||
| 245 | _aIngle's Endodontics | ||
| 260 |
_aU.S..A. _bPMPH _c2019 |
||
| 300 | _aVol. 1 - 633; Vol. 2 - 634-1214 | ||
| 650 | _aEndodontics | ||
| 942 |
_2ddc _cBK |
||
| 999 |
_c24871 _d24871 |
||